Artificial Intelligence along the Customer Journey A Customer Experience Perspective

Na minha lista:
Detalhes bibliográficos
Autor principal: Barone, Ada Maria
Outros Autores: Stagno, Emanuela
Formato: Livro
Idioma:inglês
Publicado em: Cham Palgrave Macmillan 2023
Assuntos:
Tags: Adicionar Tag
Sem tags, seja o primeiro a adicionar uma tag!

MARC

LEADER 00000nam a2200000 4500
001 0299999
005 20240603121540.1
020 |a 978-3-031-48791-0 
041 0 |a eng 
044 |a CH 
245 1 0 |a Artificial Intelligence along the Customer Journey  |b A Customer Experience Perspective  |c Ada Maria Barone, Emanuela Stagno 
264 1 |a Cham  |b Palgrave Macmillan  |c 2023 
300 |a 127 s. 
610 2 0 |a inteligencia umelá 
610 2 0 |a robotizácia 
610 2 0 |a chatboty 
610 2 0 |a realita virtuálna 
610 2 0 |a správanie spotrebiteľa 
610 2 0 |a riadenie vzťahov so zákazníkmi 
610 2 0 |a marketing senzorický 
610 2 0 |a marketing elektronický 
610 2 0 |a médiá sociálne 
610 2 0 |a maloobchod 
100 1 |a Barone, Ada Maria 
700 1 |a Stagno, Emanuela